Statystyki dla Potrawy z kapustą kiszoną

Kliknij tutaj aby rozwiązać quiz!

Ogólne statystyki

  • Ten quiz został rozwiązany 41 razy
  • Średni wynik to 5 z 9

Statystyki odpowiedzi

HintOdpowiedź% Poprawnych
1Bigos
92%
3Pierogi
92%
2Krokiety
70%
4Lazanki
70%
8Kapuśniak
59%
6Surówka
57%
9Kwaśnica
22%
7Uszka
22%
5Kapusta zasmażana
14%

Rozkład punktacji

Percentyl według liczby udzielonych odpowiedzi

Procent ludzi z każdym wynikiem

Twoja historia wyników

Nie rozwiązałeś tego quizu